000 00916nam a22003137a 4500
001 BR2023000755
003 BR-BrBNA
005 20230630153523.0
008 230629b bl.||||| |||| 00| 0 por d
040 _aBR-BrBNA
_bpor
_cBiblioteca Nacional de Agricultura
041 _apor
072 _aS01 ; S40 ; E80
090 _aS01 BR2023000755
110 _aItaipu Binacional, Foz do Iguaçu, PR (Brazil)
245 _aReceitas saudáveis das merendeiras da BP3
260 _aFoz do Iguaçu, PR (Brazil)
_c[nd]
300 _a84 p.
500 _aPublished after 2007; 148 illus.; 58 tables
650 _aNUTRIÇÃO HUMANA
650 _aMERENDA ESCOLAR
650 _aHÁBITO ALIMENTAR
650 _aAGRICULTURA ORGÂNICA
650 _aAGRICULTURA FAMILIAR
650 _aSEGURANÇA ALIMENTAR
650 _aQUALIDADE DE VIDA
650 _aSAÚDE PÚBLICA
909 _a202306
_bFernando
942 _cBK
999 _c9503
_d9503